| 000 | 00453nam a22001697a 4500 | ||
|---|---|---|---|
| 003 | MPLRDC | ||
| 005 | 20220104203721.0 | ||
| 008 | 210129b ||||| |||| 00| 0 eng d | ||
| 020 | _a978-986-229-797-1 | ||
| 082 | _a418.928 XXZ | ||
| 100 | _a谢欣洲 | ||
| 245 |
_a愈道 _c林子茗、吴彦锋 摄影 |
||
| 260 |
_a台湾 _b三采文化出版事业有限公司 _c2012 |
||
| 300 | _b平 | ||
| 650 | _a体操;健身操 | ||
| 942 |
_cBK _o418.928 XXZ |
||
| 999 |
_c68254 _d68244 |
||